000 00383 a2200169 4500
001 45424
020 _a8598773042
040 _cAnchieta - Aquarius
100 _aFurlani, Lúcia Maria Teixeira
240 1 0 _aTudo é possível
_lpor
245 1 0 _aTudo é possível
300 _a48
362 0 _a2008
440 1 _aUnisanta
650 4 _aLiteratura infanto-juvenil
942 _cBK
999 _c45424
_d45424